00370nam a2200133Ia 45000010005000000080041000050200022000460820017000681000018000852450041001032600051001449010026001959990015002212831241024s9999 xx 000 0 und d a978-9945-472-14-1 aRD/510/P613f aRené Piedra 0aFundamentos de matemática avanzada bInstituto Tecnológico de Santo Domingoc2012 a4/4/2013 2:06:48 p.m. c8198d8198